00428nam a2200169Ia 4500003000400000008004100004040001600045082001300061100002100074245006900095260003500164300001100199650000900210650001300219650001300232650001300245GCL140319s9999 xx 000 0 eng d aGCL / cGCL04a759bl t1 aLECALDANO, PAOLO10aTOUT L'OEUVRE PEINT DE VAN GOGH 1888 - 1890 / cLECALDANO, PAOLO a[S.N] : bFLAMMARION ، c1971 a243 PP04aARTS04aPAINTING04aPAINTERS04aVAN GOGH